| 000 | 00846nas a2200265 4500 | ||
|---|---|---|---|
| 001 | BR8903417 | ||
| 003 | BR-BrBNA | ||
| 005 | 20231205091628.0 | ||
| 007 | ta | ||
| 008 | 230509b bl.|||p| |||| 00| 00por d | ||
| 040 |
_aBR-BrBNA _bpor _cBiblioteca Nacional de Agricultura |
||
| 041 | _a(Pt) | ||
| 072 | _aP33; F06 | ||
| 100 | 1 | _aLal, H. | |
| 245 | 1 | _aEffect of different methods of soil preparation on soil moisture loss, weed growth and soil resistance to penetration | |
| 650 | _aLATOSSOLO | ||
| 650 | _aIRRIGACAO | ||
| 650 | _aPROPRIEDADE FISICO-QUIMICA | ||
| 650 | _aTEOR DE UMIDADE | ||
| 650 | _aREGIAO SEMI-ARIDA | ||
| 650 | _aPERNAMBUCO | ||
| 773 | 0 |
_tPesquisa Agropecuaria Brasileira (Brazil) _xISSN 0100-204X _g(Aug 1988), v. 23(8) p. 919-926 _wBR8903417 |
|
| 909 |
_a202311 _bLúcia _c55 _dLúcia Elande |
||
| 942 |
_2AGRIS _n0 _cANA |
||
| 999 |
_c126281 _d126281 |
||